Touts les personnages possédants un D dans One Piece - Statistiques

Statistiques générales
  • Ce quiz a été pris 71 fois
  • Le résultat moyen est 9 sur 16
Statistiques - réponses
Personnage % Correct
Monkey D Dragon
95%
Monkey D Luffy
95%
Monkey D Garp
90%
Portgas D Ace
85%
Marshall D Teach
82%
Gol D Roger
79%
Trafalgar D Water Law
79%
Portgas D Rouge
77%
Rocks D Xebec
72%
Haguar D Sauro
54%
Trafalgar D Water Lamy
41%
Nefertari D Lillie
26%
Davy D Jones
15%
Nefertari Vivi
13%
Nefertari Cobra
10%
Clow D Clover
8%
Aucun quiz correspondant
Distribution des résultats
% des personnes avec chaque résultat
Percentile par nombre de réponses
Votre historique - résultats
Vous n’avez pas pris ce quiz